| 000 | 00000nam##2200000za#4500 |
| 001 | 9.572510 |
| 003 | CaOODSP |
| 005 | 20220111083108 |
| 007 | cr ||||||||||| |
| 008 | 150406|1997||||xxc|||||o f|0| 0 eng|d |
| 022 | |a1928-6414 |
| 040 | |aCaOODSP|beng |
| 043 | |an-cn--- |
| 086 | 1 |aNE22-1/1997-10-2E-PDF |
| 110 | 1 |aCanada. |bNational Energy Board. |
| 245 | 10|aReasons for decision in the matter of Westcoast Energy Inc. : |h[electronic resource]|bmulti-year incentive toll settlement, 1 January 1997 to 31 December 2001. Part II |
| 246 | 1 |iVariant title : |aWestcoast Energy Inc. |
| 260 | |aCalgary - Alberta : |bNational Energy Board |cAugust 1997. |
| 300 | |a113p.|bglossary, tables |
| 490 | 1 |aReasons for decision|x1928-6414|vRH-2-97, Part II |
| 500 | |aThe catalogue number (NE22-1/1997-10-2E) and ISBN (0-662-26036-8) for the print edition have been incorrectly copied in this electronic publication. |
| 590 | |a12-09-Supp|b2012-03-21 |
| 775 | 08|tMotifs de décision relativement à Westcoast Energy Inc. : |w(CaOODSP)9.602855 |
| 776 | 0#|tIn the matter of Westcoast Energy Inc. : |w(CaOODSP)9.614002 |
| 830 | #0|aReasons for decision (Canada. National Energy Board)|x1928-6414|vRH-2-97, Part II|w(CaOODSP)9.504480 |
| 856 | 40|ahttp://publications.gc.ca|qPDF|s4.161 MB|uhttps://publications.gc.ca/collections/Collection/NE22-1-1997-10-2E.pdf|yRH-2-97, Part II |